[Event "Oberliga Nord O 1920"]
[Site "Germany"]
[Date "2019.12.08"]
[Round "4.3"]
[White "Walter, Guenter"]
[Black "Van Bentum, Horst"]
[Result "1/2-1/2"]
[WhiteElo "2151"]
[BlackElo "2072"]
[PlyCount "55"]
[EventDate "2019.09.29"]
[EventType "team-tourn"]
[EventRounds "9"]
[EventCountry "GER"]
[SourceTitle "CBM 195 Extra"]
[Source "ChessBase"]
[SourceDate "2020.05.31"]
[SourceVersion "1"]
[SourceVersionDate "2020.05.31"]
[SourceQuality "1"]

1. e4 e5 2. Nc3 Nf6 3. Nf3 Nc6 4. Bb5 Bb4 5. 0-0 0-0 6. d3 d6 7. Bg5 Bxc3 8. bxc3 h6 9. Bd2 Nh7 10. h3 Qe7 11. Qe2 Bd7 12. d4 a6 13. Bd3 Rfe8 14. Rae1 Qf6 15. d5 Ne7 16. Nh2 Ng6 17. Ng4 Qh4 18. Kh2 Bxg4 19. Qxg4 Qxg4 20. hxg4 f6 21. g3 Ngf8 22. Kg2 Nd7 23. f3 Nhf8 24. Rh1 Nc5 25. f4 Nfd7 26. Kf3 Re7 27. f5 Kf7 28. Rb1 1/2-1/2

[Event "Oberliga Nord O 1920"]
[Site "Germany"]
[Date "2019.11.24"]
[Round "3.3"]
[White "Walter, Guenter"]
[Black "Szajbely, Zsigmond"]
[Result "1-0"]
[WhiteElo "2151"]
[BlackElo "2275"]
[PlyCount "139"]
[EventDate "2019.09.29"]
[EventType "team-tourn"]
[EventRounds "9"]
[EventCountry "GER"]
[SourceTitle "CBM 195 Extra"]
[Source "ChessBase"]
[SourceDate "2020.05.31"]
[SourceVersion "1"]
[SourceVersionDate "2020.05.31"]
[SourceQuality "1"]

1. e4 c5 2. b3 Nc6 3. Bb2 e6 4. Nf3 d6 5. Bb5 Bd7 6. 0-0 Nf6 7. Re1 Be7 8. d4 cxd4 9. Nxd4 0-0 10. c4 Qc8 11. Nc3 a6 12. Bxc6 bxc6 13. e5 dxe5 14. Nf3 Qc7 15. Nxe5 Bc8 16. Ne2 Rd8 17. Qc2 c5 18. Ng3 Bb7 19. Qe2 Bf8 20. Ng4 Nxg4 21. Qxg4 f5 22. Qg5 Qf7 23. Rad1 Be7 24. Qf4 Rac8 25. h4 Rxd1 26. Rxd1 Bd8 27. h5 h6 28. Qd6 Bc7 29. Qd7 Rd8 30. Qxf7+ Kxf7 31. Rxd8 Bxd8 32. Be5 Bf6 33. f4 Bxe5 34. fxe5 f4 35. Ne2 f3 36. gxf3 Bxf3 37. Nf4 Be4 38. Kf2 Bb1 39. a3 a5 40. Ke3 Bc2 41. b4 cxb4 42. axb4 axb4 43. c5 Ba4 44. Kd3 Bb5+ 45. Kc2 Bc4 46. Nd3 Ke7 47. Nxb4 Be2 48. Nc6+ Kd7 49. Nd4 Bxh5 50. c6+ Ke7 51. Kd3 g5 52. Ke3 Bg4 53. Nb5 h5 54. Nd6 Kd8 55. Kd4 Bf3 56. Kc5 g4 57. Kb6 Bxc6 58. Kxc6 g3 59. Nf7+ Ke7 60. Ng5 h4 61. Kc7 g2 62. Nh3 Kf8 63. Kd6 Kf7 64. Kd7 Kg6 65. Kxe6 Kh5 66. Kf5 Kh6 67. e6 Kg7 68. Kg5 Kf8 69. Kf6 Ke8 70. e7 1-0

[Event "Oberliga Nord O 1920"]
[Site "Germany"]
[Date "2019.09.29"]
[Round "1.2"]
[White "Anibar, Ahmed"]
[Black "Walter, Guenter"]
[Result "1/2-1/2"]
[WhiteElo "2273"]
[BlackElo "2151"]
[PlyCount "84"]
[EventDate "2019.09.29"]
[EventType "team-tourn"]
[EventRounds "9"]
[EventCountry "GER"]
[SourceTitle "CBM 195 Extra"]
[Source "ChessBase"]
[SourceDate "2020.05.31"]
[SourceVersion "1"]
[SourceVersionDate "2020.05.31"]
[SourceQuality "1"]

1. e4 d6 2. d4 Nf6 3. Nc3 g6 4. Bg5 c6 5. Qd2 h6 6. Bh4 g5 7. Bg3 Nh5 8. 0-0-0 Bg7 9. Kb1 Nd7 10. e5 dxe5 11. dxe5 Nxg3 12. hxg3 Qc7 13. f4 gxf4 14. gxf4 Nb6 15. Qf2 Bg4 16. Be2 Bxe2 17. Ngxe2 Rd8 18. Qg3 Rxd1+ 19. Rxd1 0-0 20. Rh1 Kh7 21. Nd4 Qd7 22. Qd3+ Kg8 23. Nf5 Rd8 24. Qxd7 Rxd7 25. Ne4 Nc4 26. Kc1 Kh7 27. b3 Nb6 28. c4 Nc8 29. Kc2 Kg6 30. g4 e6 31. Nxg7 Kxg7 32. Kc3 b6 33. f5 c5 34. Nf6 Rd8 35. a4 Ne7 36. fxe6 fxe6 37. g5 Rh8 38. gxh6+ Rxh6 39. Ne8+ Kg6 40. Rxh6+ Kxh6 41. Nc7 Kg5 42. Nxe6+ Kf5 1/2-1/2

[Event "GER CupT 1819 prel1"]
[Site "Berlin"]
[Date "2019.01.26"]
[Round "1.2"]
[White "Walter, Guenter"]
[Black "Geiling, Christian"]
[Result "1/2-1/2"]
[WhiteElo "2155"]
[BlackElo "2180"]
[PlyCount "82"]
[EventDate "2019.01.26"]
[EventType "team-k.o."]
[EventRounds "2"]
[EventCountry "GER"]
[SourceTitle "EXT 2021"]
[Source "ChessBase"]
[SourceDate "2020.10.23"]
[SourceVersion "1"]
[SourceVersionDate "2020.10.23"]
[SourceQuality "1"]
[WhiteTeam "Brandenburg"]
[BlackTeam "Leipzig VfB"]
[WhiteTeamCountry "GER"]
[BlackTeamCountry "GER"]

1. e4 c5 2. b3 b6 3. Nf3 Bb7 4. Nc3 e6 5. Bb2 a6 6. Bd3 d6 7. 0-0 Nd7 8. a4 Ngf6 9. Re1 Be7 10. Bf1 Rg8 11. d4 cxd4 12. Nxd4 g5 13. g3 g4 14. Bg2 Ne5 15. Qd2 h5 16. Rad1 h4 17. Qe3 Nh7 18. f4 gxf3 19. Nxf3 Ng4 20. Qe2 hxg3 21. hxg3 Qc7 22. b4 Ne5 23. Nxe5 dxe5 24. Rd3 Bxb4 25. Red1 Bc5+ 26. Kf1 Bd4 27. R1d2 0-0-0 28. Nd1 Nf6 29. c3 Bc5 30. Rxd8+ Rxd8 31. Rxd8+ Qxd8 32. Nf2 Qg8 33. Qf3 Qg6 34. Qd3 Nh5 35. Nh1 f5 36. Qc4 Qf6 37. Ba3 fxe4+ 38. Ke1 Kb8 39. Bxc5 bxc5 40. Qxc5 Ka8 41. Qb4 Qg5 1/2-1/2

[Event "GER-chT Laender Seniors 65+"]
[Site "Templin"]
[Date "2018.09.13"]
[Round "4.2"]
[White "Walter, Guenter"]
[Black "Franke, Reiner"]
[Result "1/2-1/2"]
[WhiteElo "2165"]
[BlackElo "2244"]
[PlyCount "37"]
[EventDate "2018.09.10"]
[EventType "team-swiss"]
[EventRounds "7"]
[EventCountry "GER"]
[SourceTitle "EXT 2020"]
[Source "ChessBase"]
[SourceDate "2019.10.17"]
[SourceVersion "1"]
[SourceVersionDate "2019.10.17"]
[SourceQuality "1"]
[WhiteTeam "Brandenburg"]
[BlackTeam "Bremen"]
[WhiteTeamCountry "GER"]
[BlackTeamCountry "GER"]

1. e4 c5 2. Nf3 g6 3. g3 Bg7 4. Bg2 Nc6 5. 0-0 e5 6. Nc3 Nge7 7. Re1 0-0 8. Nd5 d6 9. c3 h6 10. Nxe7+ Qxe7 11. d3 Be6 12. Be3 Rad8 13. Qd2 Kh7 14. d4 cxd4 15. cxd4 Bg4 16. d5 Bxf3 17. Bxf3 Nd4 18. Bg2 Rfe8 19. Rab1 1/2-1/2

[Event "GER-chT Laender Seniors 65+"]
[Site "Templin"]
[Date "2018.09.10"]
[Round "1.2"]
[White "Walter, Guenter"]
[Black "Urytskyy, Arkadiy"]
[Result "1/2-1/2"]
[WhiteElo "2165"]
[BlackElo "2136"]
[PlyCount "67"]
[EventDate "2018.09.10"]
[EventType "team-swiss"]
[EventRounds "7"]
[EventCountry "GER"]
[SourceTitle "EXT 2020"]
[Source "ChessBase"]
[SourceDate "2019.10.17"]
[SourceVersion "1"]
[SourceVersionDate "2019.10.17"]
[SourceQuality "1"]
[WhiteTeam "Brandenburg"]
[BlackTeam "Bayern"]
[WhiteTeamCountry "GER"]
[BlackTeamCountry "GER"]

1. e4 c5 2. Nf3 d6 3. g3 Nc6 4. Bg2 g6 5. 0-0 Bg7 6. c3 Nf6 7. Qe2 0-0 8. Rd1 e5 9. d3 Qe7 10. Na3 h6 11. Bd2 Rb8 12. Nc2 Be6 13. b4 a6 14. Rdb1 cxb4 15. Nxb4 Nxb4 16. Rxb4 Bd7 17. Rab1 Bc6 18. c4 Nd7 19. Ne1 Nc5 20. Nc2 a5 21. R4b2 Qc7 22. Ne3 a4 23. Nd5 Bxd5 24. cxd5 f5 25. Rb5 f4 26. Bb4 b6 27. Bxc5 bxc5 28. Bh3 Rxb5 29. Be6+ Kh7 30. Rxb5 fxg3 31. hxg3 Qe7 32. Bg4 h5 33. Bf3 Qg5 34. Kg2 1/2-1/2

[Event "GER-chT Seniors 26th"]
[Site "Templin"]
[Date "2017.09.26"]
[Round "2.1"]
[White "Kornrumpf, Joachim"]
[Black "Walter, Guenter"]
[Result "1/2-1/2"]
[WhiteElo "2082"]
[BlackElo "2158"]
[PlyCount "90"]
[EventDate "2017.09.25"]
[EventType "team-swiss"]
[EventRounds "7"]
[EventCountry "GER"]
[SourceTitle "EXT 2019"]
[Source "ChessBase"]
[SourceDate "2018.10.10"]
[SourceVersion "1"]
[SourceVersionDate "2018.10.10"]
[SourceQuality "1"]
[WhiteTeam "Schleswig Holstein II"]
[BlackTeam "Brandenburg"]
[WhiteTeamCountry "GER"]
[BlackTeamCountry "GER"]

1. b3 Nf6 2. Bb2 d6 3. e3 g6 4. Nf3 Bg7 5. c4 0-0 6. Be2 e5 7. d3 Nc6 8. a3 a5 9. Nbd2 Qe7 10. Qc2 h6 11. 0-0 g5 12. h3 Bf5 13. Bc3 Bg6 14. Qb2 Nd7 15. b4 Nb6 16. Qb3 Rfb8 17. Rac1 Nd7 18. Rfe1 Kh7 19. Bf1 f5 20. d4 e4 21. b5 exf3 22. bxc6 bxc6 23. Qa4 fxg2 24. Bxg2 Be8 25. Qc2 Bg6 26. Bxc6 Ra6 27. Bg2 g4 28. e4 gxh3 29. exf5 Qg5 30. fxg6+ Kh8 31. Qe4 d5 32. f4 Qg4 33. Qf3 Rxg6 34. Kh2 hxg2 35. Qxg4 Rxg4 36. Rg1 dxc4 37. Rxg2 Rxg2+ 38. Kxg2 c5 39. Nxc4 Rb3 40. Ne5 cxd4 41. Bxd4 Nxe5 42. fxe5 Rxa3 43. Rc8+ Kh7 44. e6 Bxd4 45. e7 Re3 1/2-1/2

[Event "GER-chT Seniors 26th"]
[Site "Templin"]
[Date "2017.09.25"]
[Round "1.1"]
[White "Walter, Guenter"]
[Black "Kalinitschew, Sergey"]
[Result "0-1"]
[WhiteElo "2158"]
[BlackElo "2423"]
[PlyCount "146"]
[EventDate "2017.09.25"]
[EventType "team-swiss"]
[EventRounds "7"]
[EventCountry "GER"]
[SourceTitle "EXT 2019"]
[Source "ChessBase"]
[SourceDate "2018.10.10"]
[SourceVersion "1"]
[SourceVersionDate "2018.10.10"]
[SourceQuality "1"]
[WhiteTeam "Brandenburg"]
[BlackTeam "Berlin"]
[WhiteTeamCountry "GER"]
[BlackTeamCountry "GER"]

1. e4 g6 2. d4 Bg7 3. Nf3 d6 4. Bc4 Nf6 5. Qe2 0-0 6. 0-0 Bg4 7. h3 Bxf3 8. Qxf3 Nc6 9. c3 e5 10. Be3 Qe8 11. Nd2 Nd7 12. dxe5 Ndxe5 13. Qe2 Nxc4 14. Qxc4 Qe7 15. Rae1 Rfe8 16. Bf4 Rad8 17. Nf3 h6 18. Re3 Qe6 19. Qxe6 Rxe6 20. Rfe1 Rde8 21. Kf1 b5 22. R1e2 a5 23. Ke1 a4 24. a3 Na5 25. Nd2 g5 26. Bh2 h5 27. g4 hxg4 28. hxg4 Rh6 29. f3 Be5 30. Bxe5 Rh1+ 31. Nf1 Rxe5 32. Rh2 Rxh2 33. Nxh2 d5 34. Kf2 Nc4 35. Re2 Kf8 36. Nf1 dxe4 37. fxe4 Re6 38. Ng3 Ne5 39. Nf5 Nxg4+ 40. Kg3 Nf6 41. Kf3 Re5 42. Ng3 Kg7 43. Rd2 Kg6 44. Rd8 Re8 45. Rd4 Re7 46. Rb4 c6 47. c4 Re5 48. cxb5 Rxb5 49. Nf5 Rxb4 50. Ne7+ Kh5 51. axb4 g4+ 52. Kf4 Kh4 53. Nxc6 g3 54. Nd4 g2 55. Nf3+ Kh3 56. b5 Nd7 57. e5 Nb6 58. Kf5 Kg3 59. Ng1 Kf2 60. Nh3+ Ke3 61. Kf6 Kd4 62. Kxf7 Kxe5 63. Ke7 Nc4 64. Kd7 Kd5 65. Nf4+ Kc5 66. Nxg2 Nxb2 67. Ne3 a3 68. b6 Kxb6 69. Kd6 a2 70. Nc2 Nc4+ 71. Ke6 Kc5 72. Na1 Kd4 73. Kf5 Kc3 0-1

[Event "GER-chT Seniors 24th"]
[Site "Berlin"]
[Date "2015.09.12"]
[Round "7.2"]
[White "Werner, Clemens"]
[Black "Walter, Guenter"]
[Result "1/2-1/2"]
[WhiteElo "2330"]
[BlackElo "2203"]
[PlyCount "24"]
[EventDate "2015.09.06"]
[EventType "team-swiss"]
[EventRounds "7"]
[EventCountry "GER"]
[SourceTitle "EXT 2018"]
[Source "ChessBase"]
[SourceDate "2017.10.13"]
[SourceVersion "1"]
[SourceVersionDate "2017.10.13"]
[SourceQuality "1"]
[WhiteTeam "Brandenburg II"]
[BlackTeam "Baden Seniors"]
[WhiteTeamCountry "GER"]
[BlackTeamCountry "GER"]

1. e4 g6 2. d4 Bg7 3. Nc3 d6 4. f4 a6 5. a4 Nc6 6. Be3 Nf6 7. Be2 0-0 8. e5 dxe5 9. dxe5 Qxd1+ 10. Rxd1 Ng4 11. Bc5 b6 12. h3 bxc5 1/2-1/2

[Event "GER-chT Seniors 24th"]
[Site "Berlin"]
[Date "2015.09.06"]
[Round "1.2"]
[White "Walter, Guenter"]
[Black "Gerigk, Wolf"]
[Result "1-0"]
[WhiteElo "2203"]
[BlackElo "2055"]
[PlyCount "69"]
[EventDate "2015.09.06"]
[EventType "team-swiss"]
[EventRounds "7"]
[EventCountry "GER"]
[SourceTitle "EXT 2018"]
[Source "ChessBase"]
[SourceDate "2017.10.13"]
[SourceVersion "1"]
[SourceVersionDate "2017.10.13"]
[SourceQuality "1"]

1. e4 c5 2. Nf3 d6 3. d4 cxd4 4. Nxd4 Nf6 5. Nc3 a6 6. h3 b5 7. Bd3 Bb7 8. a3 Nbd7 9. 0-0 Rc8 10. Re1 e5 11. Nf5 g6 12. Nh6 Be7 13. Qf3 Nc5 14. Bg5 Ne6 15. Be3 Rxc3 16. bxc3 d5 17. exd5 Bxd5 18. Qd1 Qc7 19. Bd2 Nc5 20. Ng4 Nxg4 21. hxg4 h5 22. Be3 Qc6 23. Bxc5 Qxc5 24. Rxe5 hxg4 25. Bxb5+ axb5 26. Qxd5 Qxd5 27. Rxd5 0-0 28. Rxb5 Rc8 29. Rb3 Bf6 30. a4 Bxc3 31. Raa3 Bd4 32. Rd3 Bb2 33. Ra2 Rxc2 34. Rd1 g3 35. Rb1 1-0

[Event "Brandenburg-Berlin 21st"]
[Site "Potsdam"]
[Date "2015.05.03"]
[Round "1"]
[White "Walter, Guenter"]
[Black "Federau, Juergen"]
[Result "1/2-1/2"]
[WhiteElo "2106"]
[BlackElo "2018"]
[PlyCount "59"]
[EventDate "2015.05.03"]
[EventType "match"]
[EventRounds "1"]
[EventCountry "GER"]
[SourceTitle "EXT 2018"]
[Source "ChessBase"]
[SourceDate "2017.10.13"]
[SourceVersion "1"]
[SourceVersionDate "2017.10.13"]
[SourceQuality "1"]

1. e4 c5 2. Nf3 d6 3. d4 cxd4 4. Nxd4 Nf6 5. Nc3 a6 6. h3 e5 7. Nde2 h5 8. g3 Be7 9. Bg2 b5 10. Nd5 Nxd5 11. Qxd5 Ra7 12. Be3 Rb7 13. 0-0 Nd7 14. Qd2 0-0 15. Nc3 Nb6 16. b3 h4 17. g4 Be6 18. Rac1 b4 19. Nd5 Nxd5 20. exd5 Bd7 21. c4 bxc3 22. Rxc3 Qb8 23. Rfc1 a5 24. Rc4 Bb5 25. Re4 Qa8 26. g5 a4 27. bxa4 Bxa4 28. Rb4 Bd7 29. Rbc4 Rfb8 30. R1c2 1/2-1/2

[Event "Berlin-Brandenburg m 20th"]
[Site "Berlin"]
[Date "2014.05.10"]
[Round "1"]
[White "Walter, Guenter"]
[Black "Albrecht, Rainer"]
[Result "1/2-1/2"]
[WhiteElo "2134"]
[BlackElo "2077"]
[PlyCount "84"]
[EventDate "2014.05.10"]
[EventType "team-match"]
[EventRounds "1"]
[EventCountry "GER"]
[SourceTitle "EXT 2018"]
[Source "ChessBase"]
[SourceDate "2017.10.13"]
[SourceVersion "1"]
[SourceVersionDate "2017.10.13"]
[SourceQuality "1"]

1. Nc3 d5 2. e4 e6 3. d4 Bb4 4. e5 b6 5. Bd2 Qd7 6. Bb5 c6 7. Ba4 a5 8. a3 Bf8 9. Nce2 Ba6 10. Bf4 Ne7 11. c3 Qb7 12. Bc2 Nd7 13. Nf3 h6 14. h3 c5 15. 0-0 Nc6 16. Re1 Bxe2 17. Qxe2 c4 18. a4 0-0-0 19. b3 cxb3 20. Bxb3 g5 21. Bg3 Ne7 22. c4 dxc4 23. Bxc4 Kb8 24. Rab1 Ka7 25. Rb5 Nf5 26. Bh2 Bb4 27. Rd1 Rhg8 28. Bd3 g4 29. hxg4 Rxg4 30. Bxf5 exf5 31. d5 Rdg8 32. Nd4 Nc5 33. Rxb4 Rxg2+ 34. Kh1 axb4 35. Nb5+ Ka8 36. e6 Rxh2+ 37. Kxh2 Qe7 38. Qh5 fxe6 39. dxe6 Rg4 40. Rd4 Rxd4 41. Nxd4 Qd6+ 42. Kh3 Nxe6 1/2-1/2

[Event "EU-chT Seniors 15th"]
[Site "Dresden"]
[Date "2013.07.28"]
[Round "9"]
[White "Miles, Richard"]
[Black "Walter, Guenter"]
[Result "0-1"]
[WhiteElo "2088"]
[BlackElo "2233"]
[PlyCount "94"]
[EventDate "2013.07.20"]
[EventType "team-swiss"]
[EventRounds "9"]
[EventCountry "GER"]
[SourceTitle "CBM 155 Extra"]
[Source "ChessBase"]
[SourceDate "2013.08.26"]
[SourceVersion "1"]
[SourceVersionDate "2013.08.26"]
[SourceQuality "1"]
[WhiteTeam "Wales"]
[BlackTeam "Brandenburg"]
[WhiteTeamCountry "WLS"]
[BlackTeamCountry "GER"]

1. d4 Nf6 2. c4 d6 3. Nf3 Nbd7 4. Nc3 e5 5. e4 Be7 6. Be2 0-0 7. 0-0 c6 8. Be3 Re8 9. d5 c5 10. Ne1 Nf8 11. Nd3 h6 12. Rb1 Ng6 13. b3 Nh7 14. Qd2 Bg5 15. f3 Bxe3+ 16. Qxe3 a6 17. a3 Bd7 18. b4 b6 19. Rfc1 Qc7 20. Nd1 Nhf8 21. g3 a5 22. b5 Qd8 23. Nc3 Qg5 24. Qxg5 hxg5 25. Kg2 Ne7 26. Nf2 g6 27. Bd3 Kg7 28. Rh1 Rad8 29. Rbf1 Nh7 30. Na4 Nc8 31. Nc3 Rf8 32. Nfd1 Ne7 33. Ne3 f5 34. Bb1 Rf7 35. Bd3 Rdf8 36. Be2 Nf6 37. Bd3 Nh5 38. Be2 Nf6 39. Bd3 Nh7 40. Be2 g4 41. fxg4 f4 42. gxf4 exf4 43. Nf5+ gxf5 44. exf5 Bxf5 45. gxf5 Nxf5 46. Kh3 Ng5+ 47. Kg4 Ne3+ 0-1

[Event "GER-chT Seniors 21st"]
[Site "Berlin"]
[Date "2012.09.10"]
[Round "1.9"]
[White "Walter, Guenter"]
[Black "Alder, Bodo"]
[Result "1/2-1/2"]
[WhiteElo "2116"]
[BlackElo "1952"]
[PlyCount "73"]
[EventDate "2012.09.10"]
[EventType "team-swiss"]
[EventRounds "7"]
[EventCountry "GER"]
[SourceTitle "CBM 150 Extra"]
[Source "ChessBase"]
[SourceDate "2012.10.19"]
[SourceVersion "1"]
[SourceVersionDate "2012.10.19"]
[SourceQuality "1"]
[WhiteTeam "Brandenburg"]
[BlackTeam "Mecklenburg Vorpommern Seniors"]
[WhiteTeamCountry "GER"]
[BlackTeamCountry "GER"]

1. e4 c5 2. Nc3 Nc6 3. Nf3 g6 4. d4 cxd4 5. Nxd4 Bg7 6. Be3 d6 7. Bc4 Nf6 8. h3 a6 9. Bb3 Qc7 10. 0-0 0-0 11. f4 Na5 12. Qe2 b5 13. Rad1 Bb7 14. Nd5 Nxd5 15. Bxd5 e6 16. Bxb7 Qxb7 17. Qd3 Nc4 18. Bc1 e5 19. fxe5 dxe5 20. Ne2 Qb6+ 21. Kh1 Rad8 22. Qf3 Rxd1 23. Rxd1 Rd8 24. Rd3 b4 25. Rxd8+ Qxd8 26. Qd3 Qxd3 27. cxd3 Na5 28. Be3 Nc6 29. Kg1 f5 30. b3 Kf7 31. Kf2 Bf6 32. exf5 gxf5 33. g4 f4 34. Bb6 Ke6 35. Kf3 Kd5 36. d4 Bg5 37. dxe5 1/2-1/2

[Event "Berlin-ch Seniors op 28th"]
[Site "Berlin"]
[Date "2012.01.28"]
[Round "2.3"]
[White "Walter, Guenter"]
[Black "Kollberg, Lothar"]
[Result "1-0"]
[WhiteElo "1790"]
[BlackElo "2068"]
[PlyCount "119"]
[EventDate "2012.01.27"]
[EventType "swiss"]
[EventRounds "9"]
[EventCountry "GER"]
[SourceTitle "EXT 2022"]
[Source "ChessBase"]
[SourceDate "2021.10.06"]
[SourceVersion "1"]
[SourceVersionDate "2021.10.06"]
[SourceQuality "1"]

1. e4 g6 2. d4 Bg7 3. Nc3 d6 4. f4 Nc6 5. Bb5 a6 6. Bxc6+ bxc6 7. Nge2 e6 8. Be3 Rb8 9. b3 f5 10. Qd3 fxe4 11. Nxe4 Nf6 12. Rd1 0-0 13. 0-0 Nxe4 14. Qxe4 Bd7 15. a4 Qf6 16. Qd3 Qf5 17. Ng3 Qxd3 18. Rxd3 Rf7 19. Ne4 h6 20. Rd2 Rbf8 21. Rfd1 Kh7 22. h3 Bc8 23. g3 Bb7 24. Nf2 Rf5 25. h4 Bc8 26. Ng4 R5f7 27. Nh2 Bb7 28. Rf2 a5 29. Rfd2 Ba6 30. Nf3 Bc8 31. Nh2 Kg8 32. Rf2 Bd7 33. Rd3 Kh7 34. Nf3 Bc8 35. Rd1 Bb7 36. Nh2 Rf5 37. Rfd2 Re8 38. g4 Rf7 39. Rf1 Bf6 40. g5 Bg7 41. gxh6 Bxh6 42. Nf3 Ba6 43. Rff2 Rf5 44. Ng5+ Kg7 45. Kg2 Bxg5 46. fxg5 Bc8 47. Kg3 Ref8 48. Rxf5 exf5 49. Rf2 Re8 50. Bd2 Re4 51. Rf4 Re2 52. Bxa5 Rxc2 53. Bxc7 Rb2 54. Rf3 Be6 55. Bxd6 Bxb3 56. a5 Bd5 57. Ra3 Rg2+ 58. Kh3 f4 59. Bxf4 Kf7 60. a6 1-0

[Event "GER-chT Seniors 20th"]
[Site "Gladenbach"]
[Date "2011.09.17"]
[Round "7.1"]
[White "Walter, Guenter"]
[Black "Welz, Peter"]
[Result "1/2-1/2"]
[WhiteElo "2168"]
[BlackElo "2065"]
[PlyCount "114"]
[EventDate "2011.09.11"]
[EventType "team-swiss"]
[EventRounds "7"]
[EventCountry "GER"]
[SourceTitle "CBM 144 Extra"]
[Source "ChessBase"]
[SourceDate "2011.10.28"]
[SourceVersion "1"]
[SourceVersionDate "2011.10.28"]
[SourceQuality "1"]
[WhiteTeam "Brandenburg"]
[BlackTeam "Berlin II"]
[WhiteTeamCountry "GER"]
[BlackTeamCountry "GER"]

1. e4 e6 2. d4 d5 3. Nc3 Bb4 4. e5 c5 5. Bd2 Bxc3 6. Bxc3 cxd4 7. Bxd4 Nc6 8. Nf3 Nge7 9. c3 Bd7 10. Bd3 Nxd4 11. cxd4 Qa5+ 12. Qd2 Qxd2+ 13. Kxd2 0-0 14. Rhc1 Rac8 15. Rxc8 Rxc8 16. b4 Nc6 17. a3 f6 18. Rc1 h6 19. Bb5 Kf7 20. Bxc6 Rxc6 21. Rxc6 Bxc6 22. Ke3 Ba4 23. Ne1 Bb5 24. f4 Kg6 25. Kf3 b6 26. g3 Ba4 27. Nd3 Bb5 28. Nf2 Ba4 29. h4 h5 30. Ke3 a5 31. bxa5 bxa5 32. Nd3 Kf5 33. Nc5 Be8 34. Nb7 Kg4 35. Kf2 a4 36. Nc5 Kf5 37. Kf3 Bc6 38. Ke3 Be8 39. Nb7 Kg4 40. Kf2 Bb5 41. Kg2 Be8 42. Nc5 Kf5 43. Kf3 Bb5 44. Nb7 Bd3 45. Nd6+ Kg6 46. Ke3 Bc2 47. Kd2 Bb1 48. Kc3 fxe5 49. fxe5 Kh7 50. Kb4 Bc2 51. Kb5 g5 52. Kc6 gxh4 53. gxh4 Bd1 54. Kd7 Bg4 55. Ke7 Kg6 56. Kf8 Bh3 57. Ke7 Bg4 1/2-1/2

[Event "GER-chT Seniors 20th"]
[Site "Gladenbach"]
[Date "2011.09.16"]
[Round "6.1"]
[White "Mueller, Lutz"]
[Black "Walter, Guenter"]
[Result "0-1"]
[WhiteElo "1933"]
[BlackElo "2168"]
[PlyCount "50"]
[EventDate "2011.09.11"]
[EventType "team-swiss"]
[EventRounds "7"]
[EventCountry "GER"]
[SourceTitle "CBM 144 Extra"]
[Source "ChessBase"]
[SourceDate "2011.10.28"]
[SourceVersion "1"]
[SourceVersionDate "2011.10.28"]
[SourceQuality "1"]
[WhiteTeam "Rheinland Pfalz"]
[BlackTeam "Brandenburg"]
[WhiteTeamCountry "GER"]
[BlackTeamCountry "GER"]

1. d4 Nf6 2. Nf3 e6 3. e3 c5 4. Bd3 d5 5. b3 Nbd7 6. Bb2 Be7 7. Nbd2 0-0 8. 0-0 b6 9. Qe2 Bb7 10. Rfd1 Qc7 11. Rac1 Rac8 12. c4 Qb8 13. e4 dxe4 14. Nxe4 cxd4 15. Bxd4 Rfd8 16. Neg5 Nf8 17. Be5 Qa8 18. Bxf6 gxf6 19. Nh3 Ng6 20. Bxg6 fxg6 21. Ne1 Rxd1 22. Qxd1 Rd8 23. Qe2 Qb8 24. Kf1 Qxh2 25. Nf3 Qd6 0-1

[Event "GER-chT Seniors 20th"]
[Site "Gladenbach"]
[Date "2011.09.15"]
[Round "5.1"]
[White "Walter, Guenter"]
[Black "Hottes, Dieter"]
[Result "1/2-1/2"]
[WhiteElo "2168"]
[BlackElo "2044"]
[PlyCount "107"]
[EventDate "2011.09.11"]
[EventType "team-swiss"]
[EventRounds "7"]
[EventCountry "GER"]
[SourceTitle "CBM 144 Extra"]
[Source "ChessBase"]
[SourceDate "2011.10.28"]
[SourceVersion "1"]
[SourceVersionDate "2011.10.28"]
[SourceQuality "1"]
[WhiteTeam "Brandenburg"]
[BlackTeam "Wuerttemberg II"]
[WhiteTeamCountry "GER"]
[BlackTeamCountry "GER"]

1. e4 c5 2. Nf3 e6 3. d4 cxd4 4. Nxd4 a6 5. c4 Nf6 6. Nc3 Bb4 7. Qf3 Qc7 8. Bd2 0-0 9. Nc2 Be7 10. Be2 Nc6 11. Qg3 Qxg3 12. hxg3 Rd8 13. 0-0-0 b6 14. g4 h6 15. g5 hxg5 16. Bxg5 Nd5 17. Bxe7 Ndxe7 18. f4 d6 19. Bf3 Rb8 20. Rd2 b5 21. cxb5 axb5 22. Rhd1 b4 23. Na4 d5 24. exd5 Nxd5 25. Bxd5 exd5 26. Rxd5 Re8 27. Rd6 b3 28. Rxc6 bxc2 29. Rxc2 Rb4 30. Nc3 Rxf4 31. Rcd2 Bg4 32. Rd8 Rxd8 33. Rxd8+ Kh7 34. Rd2 g5 35. a4 Be6 36. Kc2 Rb4 37. Kd3 f5 38. a5 f4 39. Ke2 Kg6 40. Kf2 Kf5 41. g3 Bc8 42. gxf4 gxf4 43. Nd5 Rb7 44. b4 Be6 45. Nb6 Rh7 46. a6 Rh2+ 47. Ke1 Rh1+ 48. Ke2 Ra1 49. b5 Ke4 50. Kf2 Bh3 51. Re2+ Kd4 52. Kf3 Kc5 53. Nc8 Bxc8 54. Rc2+ 1/2-1/2

[Event "Berlin-ch qualification"]
[Site "Berlin-Lichtenrade"]
[Date "2011.04.28"]
[Round "6.12"]
[White "Walter, Guenter"]
[Black "Tscheuschner, Georg"]
[Result "0-1"]
[WhiteElo "1994"]
[BlackElo "1779"]
[PlyCount "66"]
[EventDate "2011.04.23"]
[EventType "swiss"]
[EventRounds "9"]
[EventCountry "GER"]
[SourceTitle "EXT 2022"]
[Source "ChessBase"]
[SourceDate "2021.10.06"]
[SourceVersion "1"]
[SourceVersionDate "2021.10.06"]
[SourceQuality "1"]

1. e4 c5 2. Nf3 d6 3. Bb5+ Bd7 4. Qe2 Nc6 5. c3 g6 6. 0-0 Bg7 7. d3 e5 8. Na3 Nge7 9. Nc4 Qc7 10. Bg5 f6 11. Bd2 0-0 12. Rfc1 f5 13. Bg5 Bf6 14. Bxf6 Rxf6 15. Ne3 h6 16. exf5 gxf5 17. d4 e4 18. Nh4 cxd4 19. cxd4 d5 20. Rc5 Be6 21. g3 Qd6 22. Bxc6 bxc6 23. Rac1 f4 24. Ng4 Bxg4 25. Qxg4+ Kh7 26. Re1 Rg8 27. Qh3 Rgf8 28. Rc3 Qb4 29. Qd7 R6f7 30. Qxa7 fxg3 31. fxg3 Qxb2 32. Rf3 exf3 33. Nxf3 Ng6 0-1